00427nam a2200181Ia 4500003000400000005001700004008004100021020001500062040000700077041000800084082001600092100002500108245002300133260004000156300001400196365001300210650002200223OSt20230424100156.0210423s2002 xx 000 0 und d a8176492159 cAL aeng a574.88 TURP aTURNER (P C);others. aMolecular biology. aNew DelhibViva Books Pvt Ltdc2002 ax,346bPB b195cINR aMolecular Biology